01418nab a22002417a 4500999001500000003000400015005001700019008004100036040000700077100002900084245015700113260007300270300001500343500002800358505042600386505008200812650002500894650002800919650003000947650003100977773015501008942001301163 c5551d5551OSt20251215165034.0190429b xxu||||| |||| 00| 0 spa d cPJ 96529aHadad, Lisandro A.10aLa justicia penal vulnera institutos fundantes del derecho comercial :bacerca de la persona jurídica y su concurso preventivo /cLisandro A. Hadad. cCiudad Autónoma de Buenos Aires :aThomson Reuters La Ley, b2025. ap. 195-203 aCita: AR/DOC/1901/2023. aSumario: I. Introducción.— II. Problemática actual en materia concursal de las personas jurídicas. El ataque desde el derecho penal.— III. El caso Vicentín S.A.I.C.— IV. Probables consecuencias sobre la persona jurídica.— V. El antecedente de la causa "Oil Combustibles S.A.".— VI. Responsabilidad de la persona jurídica en materia penal.— VII. Posibles conclusiones a la problemática planteada. tSi te interesa el texto completo, solicitalo a koha@justierradelfuego.gov.ar  09217aPODER JUDICIAL  091602aDERECHO COMERCIAL 091753aCONCURSO PREVENTIVO 092625aPERSONAS JURÍDICAS0 0265893164tRevista de derecho penal y criminología. Nº 3 - Abril 2024dCiudad Autónoma de Buenos Aires : Thomson Reuters La Ley, 2017-x00347914 2udccANA